Museum of Historical Arms / (Record no. 74795)
[ view plain ]
| 000 -LEADER | |
|---|---|
| fixed length control field | 00706nam a22002177a 4500 |
| 001 - CONTROL NUMBER | |
| control field | 74795 |
| 003 - CONTROL NUMBER IDENTIFIER | |
| rucl marc code | BD-RjUL |
| 005 - DATE AND TIME OF LATEST TRANSACTION | |
| control field | 20211209082614.0 |
| 008 - FIXED-LENGTH DATA ELEMENTS--GENERAL INFORMATION | |
| fixed length control field | 181206s1952 N af||| |||| 00| 0 eng d |
| 035 ## - SYSTEM CONTROL NUMBER | |
| System control number | (BD-RjUL)75013 |
| 040 ## - CATALOGING SOURCE | |
| Original cataloging agency | BD-RjUL |
| Language of cataloging | eng |
| Transcribing agency | BD-RjUL |
| 041 ## - LANGUAGE CODE | |
| Language code of text/sound track or separate title | eng |
| 082 ## - DEWEY DECIMAL CLASSIFICATION NUMBER | |
| Edition number | 23 |
| Classification number | 739.7 |
| Author mark and year | MUM 1952 |
| 110 ## - MAIN ENTRY--CORPORATE NAME | |
| Corporate name or jurisdiction name as entry element | Museum of Historical Arms (Miami Beach, Fla.) |
| 9 (RLIN) | 225629 |
| 245 10 - TITLE STATEMENT | |
| Title | Museum of Historical Arms / |
| Statement of responsibility, etc. | Museum of Historical Arms (Miami Beach, Fla.) |
| 260 ## - PUBLICATION, DISTRIBUTION, ETC. (IMPRINT) | |
| Place of publication, distribution, etc. | Miami Beach, FL. : |
| Name of publisher, distributor, etc. | The Museum, |
| Date of publication, distribution, etc. | ©1952. |
| 300 ## - PHYSICAL DESCRIPTION | |
| Pagination | 216 pages : |
| Illustrations | illustrations ; |
| Size | 18 cm |
| 650 ## - SUBJECT ADDED ENTRY--TOPICAL TERM | |
| Topical term or geographic name as entry element | Adjustable rate mortgages -- Catalogs. |
| 9 (RLIN) | 225630 |
| Topical term or geographic name as entry element | Weapons |
| Form subdivision | Catalogs. |
| 9 (RLIN) | 225631 |
| 942 ## - ADDED ENTRY ELEMENTS (KOHA) | |
| Source of classification or shelving scheme | Dewey Decimal Classification |
| Koha item type | Books |
| Lost status | Source of classification or shelving scheme | Damaged status | Not for loan | Collection code | Permanent Location | Current Location | Shelving location | Date acquired | Source of acquisition | Total Checkouts | Full call number | Date last seen | Copy number | Koha item type | Cost, normal purchase price |
|---|---|---|---|---|---|---|---|---|---|---|---|---|---|---|---|
| Dewey Decimal Classification | Not For Loan | Non-fiction | Central Library, University of Rajshahi | Central Library, University of Rajshahi | Reading Room | 05/09/1969 | Zeitlinger | 739.7 MUM 1952. | 06/12/2018 | C-1 | Books | ||||
| Dewey Decimal Classification | Non-fiction | Central Library, University of Rajshahi | Central Library, University of Rajshahi | 05/09/1969 | Zeitlinger | 739.7 MUM 1952 | 21/09/2021 | C-2 | Books | 40.00 |